World Map Tile Select #2 - Statistics

General Stats
  • This quiz has been taken 619 times
  • The average score is 89 of 128
Answer Stats
Question Tile Select % Correct
Countries in the Top 10 Largest Countries by Land Area Yes
99%
Countries in the Top 10 Largest Countries by Land Area No
99%
Countries in the Top 10 Largest Countries by Land Area Yes
98%
Countries in the Top 10 Largest Countries by Land Area Yes
98%
Countries in the Top 10 Largest Countries by Land Area No
98%
Countries in the Top 10 Largest Countries by Land Area No
98%
Countries in the Top 10 Largest Countries by Land Area Yes
96%
Countries in the Top 10 Largest Countries by Land Area Yes
96%
Countries in the Top 10 Largest Countries by Land Area Yes
95%
Countries in the Top 10 Largest Countries by Land Area Yes
95%
Countries starting with B No
94%
Countries starting with B No
94%
Countries starting with B No
94%
Countries starting with B No
93%
Countries starting with B No
93%
Countries starting with B No
92%
Countries in the Top 10 Largest Countries by Land Area Yes
90%
Countries in the Top 10 Largest Countries by Land Area Yes
89%
Countries starting with B Yes
89%
The Pacific Ocean No
89%
Countries starting with B Yes
87%
The Pacific Ocean No
87%
The Pacific Ocean Yes
87%
The Pacific Ocean No
87%
The Pacific Ocean No
87%
The Pacific Ocean Yes
86%
Mountains over 5000m tall (from sea level) No
86%
Countries in the Top 10 Largest Countries by Land Area Yes
85%
Mountains over 5000m tall (from sea level) No
85%
The Pacific Ocean Yes
84%
The Pacific Ocean Yes
84%
The Pacific Ocean No
84%
The Pacific Ocean Yes
84%
Mountains over 5000m tall (from sea level) Yes
84%
Mountains over 5000m tall (from sea level) No
84%
The Pacific Ocean No
83%
Countries in the Top 10 Largest Countries by Land Area Yes
82%
Countries starting with B Yes
82%
Countries starting with B Yes
81%
The Pacific Ocean Yes
81%
The Pacific Ocean Yes
81%
Mountains over 5000m tall (from sea level) No
81%
Winter Olympics Host Countries No
81%
Winter Olympics Host Countries No
81%
Winter Olympics Host Countries No
81%
The Pacific Ocean Yes
80%
Mountains over 5000m tall (from sea level) No
80%
Winter Olympics Host Countries No
80%
Countries with over 100 Million people No
79%
Alpha+ or Alpha ++ Global Cities No
78%
Winter Olympics Host Countries Yes
78%
Countries with over 100 Million people No
78%
Countries starting with B Yes
77%
Alpha+ or Alpha ++ Global Cities No
77%
Winter Olympics Host Countries No
77%
Countries with over 100 Million people Yes
77%
Countries with over 100 Million people Yes
77%
Countries with over 100 Million people Yes
77%
Countries starting with B Yes
76%
Winter Olympics Host Countries No
76%
Winter Olympics Host Countries Yes
75%
Winter Olympics Host Countries No
75%
Winter Olympics Host Countries No
75%
Countries starting with B Yes
74%
Winter Olympics Host Countries Yes
74%
Countries with over 100 Million people No
74%
Mountains over 5000m tall (from sea level) No
73%
Countries with over 100 Million people Yes
73%
Countries with over 100 Million people Yes
73%
Countries with over 100 Million people No
73%
Countries starting with B Yes
72%
Winter Olympics Host Countries Yes
72%
Countries with over 100 Million people Yes
72%
Countries with over 100 Million people Yes
72%
Alpha+ or Alpha ++ Global Cities Yes
71%
Winter Olympics Host Countries Yes
69%
Countries that have reached over 51 degrees celcius No
69%
Alpha+ or Alpha ++ Global Cities Yes
68%
Alpha+ or Alpha ++ Global Cities No
68%
Mountains over 5000m tall (from sea level) No
68%
Countries with over 100 Million people Yes
67%
Alpha+ or Alpha ++ Global Cities Yes
65%
Alpha+ or Alpha ++ Global Cities Yes
65%
Alpha+ or Alpha ++ Global Cities No
65%
The Pacific Ocean Yes
64%
Countries that have reached over 51 degrees celcius Yes
64%
Countries starting with B Yes
62%
Winter Olympics Host Countries Yes
62%
Countries with over 100 Million people Yes
62%
Countries with over 100 Million people Yes
62%
The Pacific Ocean Yes
61%
Countries with over 100 Million people Yes
61%
Alpha+ or Alpha ++ Global Cities No
60%
Countries that have reached over 51 degrees celcius Yes
60%
Mountains over 5000m tall (from sea level) Yes
59%
Winter Olympics Host Countries Yes
59%
Countries that have reached over 51 degrees celcius No
59%
Countries that have reached over 51 degrees celcius No
58%
Countries that have reached over 51 degrees celcius No
58%
Countries that have reached over 51 degrees celcius Yes
58%
Mountains over 5000m tall (from sea level) Yes
57%
Winter Olympics Host Countries Yes
57%
Mountains over 5000m tall (from sea level) Yes
55%
Countries that have reached over 51 degrees celcius No
55%
Countries that have reached over 51 degrees celcius No
55%
Countries starting with B Yes
53%
Mountains over 5000m tall (from sea level) Yes
53%
Countries with over 100 Million people Yes
50%
Alpha+ or Alpha ++ Global Cities No
49%
Mountains over 5000m tall (from sea level) Yes
48%
Alpha+ or Alpha ++ Global Cities No
45%
Mountains over 5000m tall (from sea level) No
44%
Countries that have reached over 51 degrees celcius No
44%
Countries that have reached over 51 degrees celcius Yes
44%
Countries that have reached over 51 degrees celcius Yes
42%
Countries in the Top 10 Largest Countries by Land Area Yes
41%
Countries that have reached over 51 degrees celcius Yes
36%
Countries that have reached over 51 degrees celcius No
35%
Countries that have reached over 51 degrees celcius No
34%
Alpha+ or Alpha ++ Global Cities No
32%
Alpha+ or Alpha ++ Global Cities No
32%
Alpha+ or Alpha ++ Global Cities Yes
29%
Countries that have reached over 51 degrees celcius No
28%
Mountains over 5000m tall (from sea level) Yes
20%
Countries in the Top 10 Largest Countries by Land Area No
19%
Alpha+ or Alpha ++ Global Cities No
19%
Mountains over 5000m tall (from sea level) Yes
12%
Alpha+ or Alpha ++ Global Cities No
11%
No matching quizzes found
Score Distribution
Percent of People with Each Score
Percentile by Number Answered
Your Score History
You have not taken this quiz